[Event "Belgrade Gligoric Memorial"]
[Site "Belgrade"]
[Date "2022.07.18"]
[Round "2"]
[White "Biocanin, Goran"]
[Black "Damjanovic, Vuk"]
[Result "0-1"]
[WhiteElo "2224"]
[BlackElo "2393"]
[PlyCount "100"]
[EventDate "2022.07.17"]
[EventType "swiss"]
[EventRounds "9"]
[EventCountry "SRB"]
[SourceTitle "CBM 209 Extra"]
[Source "ChessBase"]
[SourceDate "2022.09.30"]
[SourceVersion "1"]
[SourceVersionDate "2022.09.30"]
[SourceQuality "1"]

1. e4 Nc6 2. Nf3 d6 3. Bc4 Nf6 4. d3 g6 5. Nc3 Bg7 6. h3 0-0 7. a3 e5 8. Bg5 Be6 9. Nd5 Bxd5 10. Bxd5 h6 11. Bxf6 Qxf6 12. c3 Nd8 13. h4 Ne6 14. Bxe6 Qxe6 15. h5 g5 16. Nd2 f5 17. f3 g4 18. Qe2 fxe4 19. dxe4 Bf6 20. 0-0-0 Bg5 21. Kc2 gxf3 22. gxf3 Rf6 23. Rdg1 a6 24. Rg3 Raf8 25. Nc4 Qf7 26. Rhh3 Qe6 27. Ne3 c6 28. Nf5 Kf7 29. Rg4 Qd7 30. Rhg3 Ke8 31. Qd3 Kd8 32. Rxg5 hxg5 33. Rxg5 Kc7 34. h6 R8f7 35. Qc4 b5 36. Qd3 Rh7 37. Qe3 Kb7 38. Qg1 Rxf5 39. exf5 Rf7 40. Qg4 Kb6 41. b4 a5 42. Rh5 axb4 43. axb4 c5 44. bxc5+ Kxc5 45. f6 Qc7 46. Qg6 Rh7 47. Qe4 Qf7 48. Rh1 Rh8 49. Qe3+ Kc6 50. Ra1 Qxf6 0-1

[Event "Belgrade-chT"]
[Site "Belgrade"]
[Date "2020.10.05"]
[Round "2.3"]
[White "Biocanin, Goran"]
[Black "Srdic, Danilo"]
[Result "1-0"]
[WhiteElo "2239"]
[BlackElo "2148"]
[PlyCount "121"]
[EventDate "2020.10.04"]
[EventType "team-tourn"]
[EventRounds "9"]
[EventCountry "SRB"]
[SourceTitle "EXT 2022"]
[Source "ChessBase"]
[SourceDate "2021.10.06"]
[SourceVersion "1"]
[SourceVersionDate "2021.10.06"]
[SourceQuality "1"]
[WhiteTeam "Belgrade"]
[BlackTeam "Mirjevo"]
[WhiteTeamCountry "SRB"]
[BlackTeamCountry "SRB"]

1. c4 Nf6 2. Nc3 e5 3. g3 Nc6 4. Bg2 Bc5 5. e3 0-0 6. Nge2 d6 7. 0-0 Bf5 8. d4 Bb6 9. a3 a5 10. Nd5 Nxd5 11. cxd5 Ne7 12. dxe5 dxe5 13. Nc3 Qd7 14. Qa4 Qd6 15. Qb3 Rab8 16. Bd2 Bd3 17. Rfd1 Qg6 18. e4 Qf6 19. Be1 Ba6 20. d6 Nc6 21. Nd5 Qd8 22. Nxb6 cxb6 23. Bc3 Be2 24. Rd2 Bg4 25. Qb5 Re8 26. f4 Bd7 27. Qd3 Kh8 28. Rf1 f6 29. f5 Na7 30. Qe3 Nc6 31. g4 Ra8 32. Rf3 b5 33. b3 b4 34. axb4 axb4 35. Bb2 Qa5 36. Bf1 Qa7 37. Bc4 Qxe3+ 38. Rxe3 Ra2 39. Red3 g5 40. Bxe5 Nxe5 41. Rxa2 Nxd3 42. Bxd3 Bc6 43. Rd2 Kg7 44. Kf2 Rh8 45. Ke3 h5 46. h3 hxg4 47. hxg4 Rd8 48. Bc4 Kf8 49. Be6 Kg7 50. Rd4 Kf8 51. d7 Ke7 52. Rxb4 Rh8 53. Bd5 Kxd7 54. Bxc6+ Kxc6 55. e5 fxe5 56. Ke4 Re8 57. Rc4+ Kd6 58. Rc3 Rh8 59. Rd3+ Ke7 60. Kxe5 Rh6 61. f6+ 1-0

[Event "Belgrade-chT"]
[Site "Belgrade"]
[Date "2019.09.26"]
[Round "4.2"]
[White "Mikluc, Davorin"]
[Black "Biocanin, Goran"]
[Result "1/2-1/2"]
[WhiteElo "2137"]
[BlackElo "2241"]
[PlyCount "84"]
[EventDate "2019.09.23"]
[EventType "team-tourn"]
[EventRounds "11"]
[EventCountry "SRB"]
[SourceTitle "EXT 2020"]
[Source "ChessBase"]
[SourceDate "2019.10.17"]
[SourceVersion "1"]
[SourceVersionDate "2019.10.17"]
[SourceQuality "1"]
[WhiteTeam "Grocka"]
[BlackTeam "Belgrade"]
[WhiteTeamCountry "SRB"]
[BlackTeamCountry "SRB"]

1. e4 c5 2. Nf3 e6 3. Nc3 Nc6 4. Be2 a6 5. a4 Nd4 6. 0-0 Ne7 7. Re1 Nec6 8. Bf1 g6 9. d3 Bg7 10. Nxd4 cxd4 11. Ne2 0-0 12. Bd2 d5 13. exd5 Qxd5 14. g3 e5 15. Bg2 Qd6 16. Qc1 Be6 17. Bh6 Rac8 18. Bxg7 Kxg7 19. Qd2 Bd5 20. Bxd5 Qxd5 21. b4 Rfd8 22. Nc1 Qd6 23. Rb1 Rd7 24. Re2 Ne7 25. Na2 Qd5 26. c4 dxc3 27. Nxc3 Qxd3 28. Qxd3 Rxd3 29. Rxe5 Nc6 30. Rc5 Re8 31. b5 axb5 32. Nxb5 Re2 33. Nc3 Re7 34. a5 Nd4 35. Kg2 Nf5 36. Rd1 Rxd1 37. Nxd1 Re2 38. Rd5 h5 39. h4 Ra2 40. Rb5 Nd6 41. Rb6 Nc4 42. Rxb7 Rxa5 1/2-1/2

[Event "Belgrade-chT"]
[Site "Belgrade"]
[Date "2019.09.24"]
[Round "2.3"]
[White "Biocanin, Goran"]
[Black "Milic, Dragan"]
[Result "1-0"]
[WhiteElo "2241"]
[BlackElo "2070"]
[PlyCount "53"]
[EventDate "2019.09.23"]
[EventType "team-tourn"]
[EventRounds "11"]
[EventCountry "SRB"]
[SourceTitle "EXT 2020"]
[Source "ChessBase"]
[SourceDate "2019.10.17"]
[SourceVersion "1"]
[SourceVersionDate "2019.10.17"]
[SourceQuality "1"]
[WhiteTeam "Belgrade"]
[BlackTeam "Belgrade PTT"]
[WhiteTeamCountry "SRB"]
[BlackTeamCountry "SRB"]

1. c4 c6 2. e4 d5 3. cxd5 cxd5 4. exd5 Nf6 5. Nc3 Nxd5 6. d4 Nc6 7. Nf3 g6 8. Qb3 Nb6 9. d5 Nb8 10. Bg5 h6 11. Bf4 Bg7 12. Bb5+ Bd7 13. 0-0 0-0 14. Rad1 Bg4 15. Be2 g5 16. Bg3 N8d7 17. h4 e5 18. dxe6 Bxe6 19. Qc2 Rc8 20. hxg5 hxg5 21. Nd4 Bc4 22. Nf5 Re8 23. Bxc4 Nxc4 24. Nxg7 Kxg7 25. Qf5 Re6 26. Ne4 Kh6 27. Nxg5 1-0

[Event "SRB-chT3 North CS"]
[Site "Serbia"]
[Date "2017.10.12"]
[Round "6.1"]
[White "Gavrilovic, Sasa"]
[Black "Biocanin, Goran"]
[Result "1/2-1/2"]
[WhiteElo "2196"]
[BlackElo "2250"]
[PlyCount "36"]
[EventDate "2017.09.03"]
[EventType "team-tourn"]
[EventRounds "11"]
[EventCountry "SRB"]
[SourceTitle "EXT 2021"]
[Source "ChessBase"]
[SourceDate "2020.10.23"]
[SourceVersion "1"]
[SourceVersionDate "2020.10.23"]
[SourceQuality "1"]

1. e4 e6 2. d4 d5 3. Nc3 dxe4 4. Nxe4 Nf6 5. Nxf6+ gxf6 6. Nf3 Nc6 7. Bf4 b6 8. Qd2 Bb7 9. 0-0-0 Nb4 10. a3 Nd5 11. Bh6 Qd6 12. Bb5+ c6 13. Bd3 Bxh6 14. Qxh6 Qf4+ 15. Qxf4 Nxf4 16. Nh4 0-0-0 17. g3 Ng6 18. Nxg6 hxg6 1/2-1/2

[Event "SRB-chT3 North CS"]
[Site "Sabac"]
[Date "2014.10.04"]
[Round "5.4"]
[White "Biocanin, Goran"]
[Black "Tomanovic, Nikola"]
[Result "1/2-1/2"]
[WhiteElo "2258"]
[BlackElo "2222"]
[PlyCount "87"]
[EventDate "2014.10.02"]
[EventType "team-swiss"]
[EventRounds "6"]
[EventCountry "SRB"]
[SourceTitle "EXT 2021"]
[Source "ChessBase"]
[SourceDate "2020.10.23"]
[SourceVersion "1"]
[SourceVersionDate "2020.10.23"]
[SourceQuality "1"]

1. d4 f5 2. Bg5 c6 3. c3 d5 4. e3 Nd7 5. Bd3 Ndf6 6. Qc2 g6 7. Nf3 Bg7 8. c4 e6 9. Ne5 Ne7 10. c5 0-0 11. f4 Nd7 12. Nf3 Nf6 13. Bxf6 Bxf6 14. Nbd2 Kg7 15. h3 h5 16. g3 Rh8 17. Ke2 Bd7 18. Ne5 Bxe5 19. dxe5 Qc7 20. Nf3 Rag8 21. b4 Rc8 22. Rhg1 b6 23. Rg2 a5 24. cxb6 Qxb6 25. Qc5 Qxb4 26. Rc1 Qxc5 27. Rxc5 Ra8 28. Kd1 Rhb8 29. Kc1 Kf7 30. g4 hxg4 31. hxg4 Rh8 32. gxf5 gxf5 33. Rb2 Ke8 34. Ng5 Rh1+ 35. Kd2 Rh2+ 36. Be2 Bc8 37. Nf3 Rh6 38. a4 Kd7 39. Rb1 Rh7 40. Nd4 Rh2 41. Rb6 Kc7 42. Rb1 Kd7 43. Rb6 Kc7 44. Rb1 1/2-1/2

[Event "Belgrade-chT"]
[Site "Belgrade"]
[Date "2012.10.12"]
[Round "11.5"]
[White "Biocanin, Goran"]
[Black "Rodic, Dragan"]
[Result "1/2-1/2"]
[WhiteElo "2293"]
[BlackElo "2071"]
[PlyCount "49"]
[EventDate "2012.10.01"]
[EventType "team-tourn"]
[EventRounds "11"]
[EventCountry "SRB"]
[SourceTitle "CBM 150 Extra"]
[Source "ChessBase"]
[SourceDate "2012.10.19"]
[SourceVersion "1"]
[SourceVersionDate "2012.10.19"]
[SourceQuality "1"]
[WhiteTeam "Belgrade Post Stedionica"]
[BlackTeam "Belgrade EDB"]
[WhiteTeamCountry "SRB"]
[BlackTeamCountry "SRB"]

1. Nf3 d5 2. c4 e6 3. g3 b6 4. Bg2 Bb7 5. cxd5 exd5 6. 0-0 Nf6 7. d4 Be7 8. Bf4 0-0 9. Qc2 c6 10. Ne5 Nfd7 11. Nd3 c5 12. Nc3 c4 13. Ne1 Nf6 14. b3 cxb3 15. Qxb3 Nc6 16. Nf3 Na5 17. Qb5 a6 18. Qd3 h5 19. Bg5 Ne4 20. Bxe7 Qxe7 21. Ne5 Nxc3 22. Qxc3 Nc4 23. Nxc4 dxc4 24. Bxb7 Qxb7 25. Rfb1 1/2-1/2

[Event "Belgrade-chT"]
[Site "Belgrade"]
[Date "2012.10.03"]
[Round "3.1"]
[White "Biocanin, Goran"]
[Black "Svetac, Nenad"]
[Result "1/2-1/2"]
[WhiteElo "2293"]
[BlackElo "2261"]
[PlyCount "33"]
[EventDate "2012.10.01"]
[EventType "team-tourn"]
[EventRounds "11"]
[EventCountry "SRB"]
[SourceTitle "CBM 150 Extra"]
[Source "ChessBase"]
[SourceDate "2012.10.19"]
[SourceVersion "1"]
[SourceVersionDate "2012.10.19"]
[SourceQuality "1"]
[WhiteTeam "Belgrade Post Stedionica"]
[BlackTeam "Belgrade Sigurnost"]
[WhiteTeamCountry "SRB"]
[BlackTeamCountry "SRB"]

1. e4 c5 2. Nc3 Nc6 3. g3 g6 4. Bg2 Bg7 5. f4 d6 6. h3 e6 7. Nf3 Nge7 8. 0-0 0-0 9. a3 Rb8 10. Rb1 b5 11. b4 Nd4 12. g4 f5 13. gxf5 exf5 14. bxc5 dxc5 15. e5 a6 16. Ne2 Nxf3+ 17. Bxf3 1/2-1/2

[Event "Belgrade tt Cup"]
[Site "Belgrade"]
[Date "2012.04.22"]
[Round "5.1"]
[White "Biocanin, Goran"]
[Black "Cetkovic, Miodrag"]
[Result "1/2-1/2"]
[WhiteElo "2299"]
[BlackElo "2230"]
[PlyCount "41"]
[EventDate "2012.04.18"]
[EventType "team-swiss"]
[EventRounds "5"]
[EventCountry "SRB"]
[SourceTitle "CBM 148 Extra"]
[Source "ChessBase"]
[SourceDate "2012.06.22"]
[SourceVersion "1"]
[SourceVersionDate "2012.06.22"]
[SourceQuality "1"]
[WhiteTeam "Post Stedionica"]
[BlackTeam "Belgrade Radnicki"]
[WhiteTeamCountry "SRB"]
[BlackTeamCountry "SRB"]

1. e4 c5 2. Nf3 e6 3. c4 d6 4. d4 cxd4 5. Nxd4 Nf6 6. Nc3 Nc6 7. g3 a6 8. Bg2 Qc7 9. a4 Be7 10. 0-0 0-0 11. Be3 Bd7 12. Rc1 Rac8 13. Nd5 exd5 14. cxd5 Qb8 15. dxc6 bxc6 16. Qe2 a5 17. Bf4 Qa7 18. Rfd1 Rfe8 19. h3 Kf8 20. Qd3 d5 21. exd5 1/2-1/2

[Event "Belgrade tt Cup"]
[Site "Belgrade"]
[Date "2012.04.18"]
[Round "1.3"]
[White "Biocanin, Goran"]
[Black "Milosavljevic, Dusan"]
[Result "1/2-1/2"]
[WhiteElo "2299"]
[BlackElo "2116"]
[PlyCount "41"]
[EventDate "2012.04.18"]
[EventType "team-swiss"]
[EventRounds "5"]
[EventCountry "SRB"]
[SourceTitle "CBM 148 Extra"]
[Source "ChessBase"]
[SourceDate "2012.06.22"]
[SourceVersion "1"]
[SourceVersionDate "2012.06.22"]
[SourceQuality "1"]
[WhiteTeam "Post Stedionica"]
[BlackTeam "Polet"]
[WhiteTeamCountry "SRB"]
[BlackTeamCountry "SRB"]

1. c4 e5 2. Nc3 d6 3. g3 Be6 4. b3 Nc6 5. Bg2 Qd7 6. e3 g6 7. Nge2 Nge7 8. Nd5 Bxd5 9. Bxd5 Nb4 10. Nc3 Nd3+ 11. Ke2 Nxc1+ 12. Rxc1 Bg7 13. b4 a6 14. Qa4 Qxa4 15. Nxa4 Kd7 16. Rc2 f5 17. Rhc1 Rac8 18. d3 g5 19. Nb2 h5 20. e4 h4 21. f3 1/2-1/2

[Event "Belgrade-chT"]
[Site "Belgrade"]
[Date "2011.10.05"]
[Round "5.5"]
[White "Sarenac, David"]
[Black "Biocanin, Goran"]
[Result "1-0"]
[WhiteElo "2273"]
[BlackElo "2309"]
[PlyCount "55"]
[EventDate "2011.10.01"]
[EventType "team-tourn"]
[EventRounds "11"]
[EventCountry "SRB"]
[SourceTitle "CBM 144 Extra"]
[Source "ChessBase"]
[SourceDate "2011.10.28"]
[SourceVersion "1"]
[SourceVersionDate "2011.10.28"]
[SourceQuality "1"]
[WhiteTeam "Borac"]
[BlackTeam "Post Stedionica"]
[WhiteTeamCountry "YUG"]
[BlackTeamCountry "YUG"]

1. e4 c5 2. Nf3 Nc6 3. d4 cxd4 4. Nxd4 g6 5. Nc3 Bg7 6. Be3 Nf6 7. Bc4 0-0 8. Bb3 a5 9. 0-0 a4 10. Nxa4 Nxe4 11. Nb5 d6 12. c4 Bf5 13. Qe2 Nf6 14. h3 Na5 15. Rad1 Ra6 16. Rfe1 Bd7 17. Bc2 b6 18. b3 Nc6 19. f4 Be6 20. Qf2 Nd7 21. Be4 Na5 22. Qc2 Nf6 23. Bd3 Nc6 24. Qf2 Nd7 25. Be4 Na5 26. Nac3 Qb8 27. Bd5 Nb7 28. Bd4 1-0

[Event "Belgrade-chT"]
[Site "Belgrade"]
[Date "2011.10.03"]
[Round "3.4"]
[White "Ravic, Nenad"]
[Black "Biocanin, Goran"]
[Result "1-0"]
[WhiteElo "2311"]
[BlackElo "2309"]
[PlyCount "95"]
[EventDate "2011.10.01"]
[EventType "team-tourn"]
[EventRounds "11"]
[EventCountry "SRB"]
[SourceTitle "CBM 144 Extra"]
[Source "ChessBase"]
[SourceDate "2011.10.28"]
[SourceVersion "1"]
[SourceVersionDate "2011.10.28"]
[SourceQuality "1"]
[WhiteTeam "Belgrade PTT"]
[BlackTeam "Post Stedionica"]
[WhiteTeamCountry "YUG"]
[BlackTeamCountry "YUG"]

1. e4 c5 2. Nf3 Nc6 3. d4 cxd4 4. Nxd4 g6 5. Nc3 Bg7 6. Be3 Nf6 7. Bc4 0-0 8. Bb3 a5 9. a4 Ng4 10. Qxg4 Nxd4 11. Qh4 e6 12. Qxd8 Rxd8 13. Rd1 Nxb3 14. cxb3 d5 15. Nb5 Bd7 16. Bb6 Rf8 17. Nc7 Rac8 18. exd5 exd5 19. 0-0 d4 20. Bxa5 Be6 21. Nxe6 fxe6 22. Bb6 e5 23. f4 Rxf4 24. Rxf4 exf4 25. Rd2 g5 26. Bxd4 Rd8 27. Bc3 Rxd2 28. Bxd2 Bxb2 29. Kf2 Kf7 30. Kf3 Ke6 31. Ke4 Be5 32. b4 Bd6 33. h3 h5 34. b5 Bc7 35. a5 Bd8 36. a6 bxa6 37. bxa6 Bb6 38. h4 gxh4 39. Bxf4 Kd7 40. Be3 Bxe3 41. Kxe3 Kc6 42. Kf4 Kb6 43. Kg5 h3 44. gxh3 Kxa6 45. Kxh5 Kb7 46. Kg6 Kc7 47. h4 Kd7 48. Kf7 1-0

[Event "SRB-chT"]
[Site "Belgrade"]
[Date "2010.10.09"]
[Round "9"]
[White "Popovic, Aleksandar M"]
[Black "Biocanin, Goran"]
[Result "1-0"]
[WhiteElo "2271"]
[BlackElo "2320"]
[PlyCount "64"]
[EventDate "2010.10.01"]
[EventType "team-tourn"]
[EventRounds "11"]
[EventCountry "YUG"]
[SourceTitle "CBM 138 Extra"]
[Source "ChessBase"]
[SourceDate "2010.10.29"]
[SourceVersion "1"]
[SourceVersionDate "2010.10.29"]
[SourceQuality "1"]

1. g3 g6 2. Bg2 Bg7 3. e4 d6 4. f4 c6 5. Nf3 Bg4 6. h3 Bxf3 7. Qxf3 Nd7 8. 0-0 Qb6+ 9. Kh1 Bxb2 10. Bxb2 Qxb2 11. Nc3 Qb6 12. e5 d5 13. Rae1 e6 14. f5 gxf5 15. Qh5 Ne7 16. g4 0-0-0 17. Qxf7 Rde8 18. Qxe6 Ng6 19. Qxf5 Rhf8 20. Qg5 Rxf1+ 21. Rxf1 Rxe5 22. Qh6 Re7 23. Nd1 Qd4 24. d3 Re2 25. c4 dxc4 26. dxc4 a5 27. a3 a4 28. Qg5 Nde5 29. Qf6 Kb8 30. Nf2 Nf4 31. Rd1 Qxf2 32. Qd8+ Ka7 1-0

[Event "SRB-chT"]
[Site "Belgrade"]
[Date "2010.10.04"]
[Round "4"]
[White "Nikolic, Dragoslav"]
[Black "Biocanin, Goran"]
[Result "0-1"]
[WhiteElo "2290"]
[BlackElo "2320"]
[PlyCount "76"]
[EventDate "2010.10.01"]
[EventType "team-tourn"]
[EventRounds "11"]
[EventCountry "YUG"]
[SourceTitle "CBM 138 Extra"]
[Source "ChessBase"]
[SourceDate "2010.10.29"]
[SourceVersion "1"]
[SourceVersionDate "2010.10.29"]
[SourceQuality "1"]

1. Nf3 Nf6 2. g3 g6 3. b3 Bg7 4. Bb2 d6 5. d4 0-0 6. Bg2 c6 7. 0-0 Qc7 8. Nbd2 Bg4 9. h3 Bxf3 10. Bxf3 Nbd7 11. c4 Rfe8 12. Qc2 Rad8 13. Rac1 h5 14. Rfd1 Nh7 15. e4 e5 16. dxe5 dxe5 17. c5 Ng5 18. Bg2 h4 19. b4 hxg3 20. fxg3 b5 21. a4 a6 22. axb5 axb5 23. Ra1 Nf6 24. Ra6 Qc8 25. Rda1 Nxh3+ 26. Kf1 Ng4 27. Ke2 Nhf2 28. R6a3 Bh6 29. Bc1 Qd7 30. Rf3 Qd4 31. Raa3 Qxb4 32. Rac3 Bxd2 33. Bxd2 Nxe4 34. Rcd3 Nxd2 35. Qxd2 Qe4+ 36. Kf1 Qc4 37. Ke1 Ra8 38. Qc3 Ra1+ 0-1

[Event "Belgrade-chT"]
[Site "Belgrade"]
[Date "2009.10.10"]
[Round "7"]
[White "Biocanin, Goran"]
[Black "Stamatovic, Aleksandar"]
[Result "0-1"]
[WhiteElo "2318"]
[BlackElo "2200"]
[PlyCount "85"]
[EventDate "2009.10.04"]
[EventType "team-tourn"]
[EventRounds "9"]
[EventCountry "YUG"]
[SourceTitle "CBM 132 Extra"]
[Source "ChessBase"]
[SourceDate "2009.11.03"]
[SourceVersion "1"]
[SourceVersionDate "2009.11.03"]
[SourceQuality "1"]

1. c4 e5 2. Nc3 Bb4 3. g3 Bxc3 4. bxc3 Nf6 5. Ba3 d6 6. Bg2 Nbd7 7. Rb1 0-0 8. Nf3 Re8 9. 0-0 Rb8 10. d3 b6 11. e4 Nf8 12. Ne1 Ng6 13. Nc2 Bd7 14. h3 Qc8 15. Kh2 h6 16. Ne3 Nh7 17. Bc1 Ng5 18. h4 Nh7 19. Rb2 Ne7 20. d4 f5 21. dxe5 dxe5 22. Rd2 Be6 23. exf5 Nxf5 24. Nxf5 Bxf5 25. Qa4 Nf6 26. Re1 e4 27. Rd4 c5 28. Rd6 Rb7 29. Kg1 Rf7 30. Red1 Bg4 31. Re1 Ref8 32. Qc6 Qf5 33. Bf4 g5 34. hxg5 hxg5 35. Be3 Bf3 36. Rxf6 Rxf6 37. Qd5+ Qxd5 38. cxd5 Rf5 39. c4 g4 40. a4 Kf7 41. Bf4 Rh8 42. Rxe4 Rfh5 43. Bh6 0-1

[Event "Belgrade-chT"]
[Site "Belgrade"]
[Date "2009.10.07"]
[Round "4"]
[White "Orlov, Pavle"]
[Black "Biocanin, Goran"]
[Result "1/2-1/2"]
[WhiteElo "2259"]
[BlackElo "2318"]
[PlyCount "46"]
[EventDate "2009.10.04"]
[EventType "team-tourn"]
[EventRounds "9"]
[EventCountry "YUG"]
[SourceTitle "CBM 132 Extra"]
[Source "ChessBase"]
[SourceDate "2009.11.03"]
[SourceVersion "1"]
[SourceVersionDate "2009.11.03"]
[SourceQuality "1"]

1. Nf3 e6 2. d4 c5 3. c4 cxd4 4. Nxd4 Nc6 5. Nc3 Nf6 6. Nc2 d5 7. e3 g6 8. Be2 Bg7 9. 0-0 0-0 10. Rb1 dxc4 11. Bxc4 a6 12. a4 Qc7 13. Qe2 Bd7 14. Bd2 Ne5 15. Na3 Nxc4 16. Qxc4 Rac8 17. Qe2 Bc6 18. e4 Rfd8 19. f3 Qd7 20. Bg5 h6 21. Rfd1 Qe8 22. Bxf6 Bxf6 23. e5 Bg7 1/2-1/2

[Event "Belgrade-chT"]
[Site "Belgrade"]
[Date "2009.10.06"]
[Round "3"]
[White "Biocanin, Goran"]
[Black "Arsenovic, Milos"]
[Result "1-0"]
[WhiteElo "2318"]
[BlackElo "2177"]
[PlyCount "87"]
[EventDate "2009.10.04"]
[EventType "team-tourn"]
[EventRounds "9"]
[EventCountry "YUG"]
[SourceTitle "CBM 132 Extra"]
[Source "ChessBase"]
[SourceDate "2009.11.03"]
[SourceVersion "1"]
[SourceVersionDate "2009.11.03"]
[SourceQuality "1"]

1. c4 Nf6 2. Nc3 d5 3. cxd5 Nxd5 4. g3 g6 5. Bg2 Nxc3 6. bxc3 Bg7 7. Rb1 c6 8. Nf3 0-0 9. 0-0 Nd7 10. c4 Qa5 11. Qc2 Nc5 12. d3 Qa4 13. Qxa4 Nxa4 14. Re1 Rd8 15. Ba3 c5 16. Nd2 Bc3 17. Red1 Rd7 18. Ne4 Rc7 19. Bc1 Be5 20. Rb3 f5 21. Ng5 e6 22. Nf3 Bd6 23. Bf4 Bxf4 24. gxf4 Nb6 25. Rdb1 Bd7 26. Ra3 Nc8 27. Ne5 Rb8 28. Ra5 b6 29. Rxc5 bxc5 30. Rxb8 Be8 31. a4 Kf8 32. a5 Ke7 33. Bf3 Nd6 34. Kf1 Nf7 35. Nxf7 Kxf7 36. a6 Ke7 37. Bb7 Bd7 38. Rh8 Bc6 39. Bxc6 Rxc6 40. Rxh7+ Kd6 41. Rxa7 Rb6 42. Ra8 Rb1+ 43. Kg2 Ra1 44. a7 1-0